[Event "London Classic op"]
[Site "London"]
[Date "2011.12.11"]
[Round "9"]
[White "Warman, Simon M"]
[Black "Marchant, Geoffrey"]
[Result "1-0"]
[WhiteElo "2056"]
[BlackElo "1880"]
[PlyCount "71"]
[EventDate "2011.12.03"]
[EventType "swiss"]
[EventRounds "9"]
[EventCountry "ENG"]
[SourceTitle "CBM 145 Extra"]
[Source "ChessBase"]
[SourceDate "2012.01.03"]
[SourceVersion "1"]
[SourceVersionDate "2012.01.03"]
[SourceQuality "1"]

1. e4 e5 2. Nf3 Nc6 3. Bb5 a6 4. Ba4 Nf6 5. 0-0 Be7 6. Nc3 d6 7. d4 b5 8. dxe5 bxa4 9. exf6 Bxf6 10. Nd5 0-0 11. c3 Bg4 12. Qxa4 Bxf3 13. Qxc6 Be5 14. gxf3 Qh4 15. Re1 Bxh2+ 16. Kg2 f5 17. Rh1 fxe4 18. Rxh2 exf3+ 19. Kh1 Qg4 20. Bh6 Rae8 21. Ne3 Qe6 22. Rg1 Rf7 23. Bxg7 Rxg7 24. Rxg7+ Kxg7 25. Qxf3 Kh8 26. Rh4 Rg8 27. Qf4 Qxa2 28. Qf6+ Rg7 29. Rg4 Qf7 30. Qd8+ Rg8 31. Rxg8+ Qxg8 32. Qxc7 Qf8 33. Kg2 Qf4 34. Qd8+ Kg7 35. Qxd6 Qxd6 36. Nf5+ 1-0

[Event "London Classic op"]
[Site "London"]
[Date "2011.12.09"]
[Round "7"]
[White "Heaton, Paul"]
[Black "Marchant, Geoffrey"]
[Result "1/2-1/2"]
[WhiteElo "2026"]
[BlackElo "1880"]
[PlyCount "110"]
[EventDate "2011.12.03"]
[EventType "swiss"]
[EventRounds "9"]
[EventCountry "ENG"]
[SourceTitle "CBM 145 Extra"]
[Source "ChessBase"]
[SourceDate "2012.01.03"]
[SourceVersion "1"]
[SourceVersionDate "2012.01.03"]
[SourceQuality "1"]

1. c4 e5 2. g3 Nf6 3. Bg2 d5 4. cxd5 Nxd5 5. Nc3 Nb6 6. Nf3 Nc6 7. 0-0 Be7 8. a3 0-0 9. b4 Be6 10. Bb2 Nc4 11. Bc1 a5 12. b5 Nd4 13. d3 Nd6 14. Rb1 f6 15. Nxd4 exd4 16. Nd5 Rc8 17. a4 c5 18. bxc6 bxc6 19. Nf4 Bf7 20. Bh3 f5 21. e3 g6 22. exd4 Bf6 23. Be3 Ne8 24. d5 cxd5 25. Bb6 Qd7 26. Bxa5 Ra8 27. Bb4 Be7 28. Bxe7 Qxe7 29. Ra1 Ra5 30. Qd2 Qa7 31. Bg2 Nf6 32. Qc3 d4 33. Qc6 Bb3 34. Rab1 Ra6 35. Qb5 Rb8 36. Qe5 Re8 37. Qb5 Rb8 38. Rxb3 Rxb5 39. axb5 Rb6 40. Nd5 Nxd5 41. Bxd5+ Kg7 42. Rc1 Qd7 43. Bc4 f4 44. Kg2 Qb7+ 45. f3 fxg3 46. hxg3 g5 47. Re1 g4 48. Re4 gxf3+ 49. Kxf3 Rf6+ 50. Kg2 Rg6 51. b6 Rg5 52. Rb5 Rxb5 53. Bxb5 Qxb6 54. Bc4 Qc6 55. Kf2 Qc5 1/2-1/2

[Event "London Classic op"]
[Site "London"]
[Date "2011.12.05"]
[Round "3"]
[White "Whitehead, David J"]
[Black "Marchant, Geoffrey"]
[Result "1-0"]
[WhiteElo "2079"]
[BlackElo "1880"]
[PlyCount "31"]
[EventDate "2011.12.03"]
[EventType "swiss"]
[EventRounds "9"]
[EventCountry "ENG"]
[SourceTitle "CBM 145 Extra"]
[Source "ChessBase"]
[SourceDate "2012.01.03"]
[SourceVersion "1"]
[SourceVersionDate "2012.01.03"]
[SourceQuality "1"]

1. e4 e5 2. Bc4 Nf6 3. d3 c6 4. Nf3 d5 5. Bb3 a5 6. a3 a4 7. Ba2 dxe4 8. Ng5 Bc5 9. Nxf7 Qb6 10. 0-0 Rf8 11. Nxe5 Bd4 12. Nc4 Qc7 13. dxe4 Ng4 14. g3 Bxf2+ 15. Kg2 h6 16. Qd6 1-0

[Event "Coulsdon Easter-B"]
[Site "Coulsdon"]
[Date "2009.04.17"]
[Round "8"]
[White "Marchant, Geoffrey"]
[Black "Warner, Dominic"]
[Result "1-0"]
[WhiteElo "1861"]
[BlackElo "1527"]
[PlyCount "45"]
[EventDate "2009.04.13"]
[EventType "tourn"]
[EventRounds "9"]
[EventCountry "ENG"]
[SourceTitle "EXT 2011"]
[Source "ChessBase"]
[SourceDate "2010.11.26"]
[SourceVersion "1"]
[SourceVersionDate "2010.11.26"]
[SourceQuality "1"]

1. e4 c6 2. d4 d5 3. e5 c5 4. c4 Nc6 5. Nf3 Bg4 6. cxd5 Qxd5 7. Nc3 Qxd4 8. Nxd4 Bxd1 9. Nxc6 Bc2 10. Bb5 bxc6 11. Bxc6+ Kd8 12. Bxa8 e6 13. Be3 Be7 14. Rc1 Bg6 15. Ne4 Bxe4 16. Bxe4 f6 17. Bxc5 f5 18. Bb7 Bxc5 19. Rxc5 Ne7 20. f4 Ke8 21. Ke2 Kf7 22. Rd1 Nd5 23. Bxd5 1-0

[Event "BCF-chT4 0506 (4NCL)"]
[Site "West Bromwich"]
[Date "2006.05.28"]
[Round "10.1"]
[White "Marchant, Geoffrey"]
[Black "Habershon, Paul F"]
[Result "0-1"]
[WhiteElo "2120"]
[BlackElo "2105"]
[PlyCount "52"]
[EventDate "2005.11.05"]
[EventType "team-tourn"]
[EventRounds "11"]
[EventCountry "ENG"]
[SourceTitle "CBM 109 Extra"]
[Source "ChessBase"]
[SourceDate "2006.01.03"]
[SourceVersion "2"]
[SourceVersionDate "2006.01.03"]
[SourceQuality "1"]
[WhiteTeam "Addlestone"]
[BlackTeam "FCA Solutions II"]
[WhiteTeamCountry "ENG"]
[BlackTeamCountry "ENG"]

1. e4 Nf6 2. e5 Nd5 3. d4 d6 4. Nf3 Bg4 5. c4 Nb6 6. exd6 cxd6 7. Be3 g6 8. Nc3 Bg7 9. h3 Bxf3 10. Qxf3 Nc6 11. Rd1 0-0 12. Be2 Rc8 13. 0-0 e6 14. c5 dxc5 15. dxc5 Nd7 16. Nb5 Qe7 17. Nd6 Rc7 18. Qe4 Nf6 19. Qh4 Nd5 20. Bg5 f6 21. Bd2 f5 22. Qa4 Nd4 23. Bc4 Rxc5 24. b4 Nb6 25. Qxa7 Rc6 26. Be3 Rxd6 0-1

[Event "IECG QB.2003.0.00043 email"]
[Site "IECG email"]
[Date "2003.10.08"]
[Round "?"]
[White "De Blauwe, Pauwel"]
[Black "Marchant, Geoffrey"]
[Result "0-1"]
[WhiteElo "1804"]
[BlackElo "1990"]
[PlyCount "132"]
[EventDate "2003.10.08"]
[EventType "tourn (corr)"]
[EventRounds "6"]
[SourceTitle "Corr 2008"]
[Source "ChessBase"]
[SourceDate "2008.06.24"]
[SourceVersion "1"]
[SourceVersionDate "2008.06.24"]
[SourceQuality "1"]

1. c4 e5 2. Nc3 Nf6 3. g3 Nc6 4. Bg2 Bc5 5. e3 0-0 6. Nge2 Re8 7. d3 a6 8. 0-0 d6 9. a3 Ba7 10. b4 Ne7 11. Bb2 c6 12. Rc1 Bf5 13. a4 d5 14. b5 axb5 15. axb5 Qd7 16. cxd5 cxd5 17. d4 e4 18. Qb3 Bb8 19. Na4 Qd8 20. Nc5 b6 21. Na6 Bd6 22. Rc2 Rc8 23. Rxc8 Qxc8 24. Rc1 Qd7 25. Nc3 Rc8 26. Nb4 Kh8 27. Ra1 Bh3 28. Bh1 Qf5 29. Nc2 Ng4 30. Nd1 Qh5 31. Ne1 Nf6 32. Nc3 Be6 33. f3 Nf5 34. Ne2 Qh6 35. Nf4 Bxf4 36. exf4 Nd6 37. Bg2 Nc4 38. Bc1 Qh5 39. Ra2 Bh3 40. Bh1 Qg6 41. Rc2 h6 42. fxe4 Nxe4 43. Nf3 Qh5 44. Qd3 Ned6 45. Qb3 Bf5 46. Rf2 Na5 47. Qd1 Nxb5 48. Qf1 Nc4 49. Bg2 Be4 50. h3 Qg6 51. Kh2 Qf6 52. Qd1 Nbd6 53. Ne5 Bxg2 54. Rxg2 Qf5 55. g4 Qb1 56. Qc2 Qxc2 57. Rxc2 Re8 58. f5 Kh7 59. Bf4 f6 60. Nc6 Nb5 61. Bg3 Re4 62. Bf2 h5 63. Kg3 Kh6 64. Kf3 Kg5 65. h4+ Kh6 66. gxh5 Ncd6 0-1

[Event "IECG QB.2003.0.00043 email"]
[Site "IECG email"]
[Date "2003.10.08"]
[Round "?"]
[White "Downs, Ray"]
[Black "Marchant, Geoffrey"]
[Result "1/2-1/2"]
[WhiteElo "1950"]
[BlackElo "1990"]
[PlyCount "28"]
[EventDate "2003.10.08"]
[EventType "tourn (corr)"]
[EventRounds "6"]
[SourceTitle "Corr 2008"]
[Source "ChessBase"]
[SourceDate "2008.06.24"]
[SourceVersion "1"]
[SourceVersionDate "2008.06.24"]
[SourceQuality "1"]

1. c4 e5 2. g3 Nf6 3. Bg2 d5 4. cxd5 Nxd5 5. Nf3 Nc6 6. 0-0 Be7 7. d4 exd4 8. Nxd4 Nxd4 9. Qxd4 Nf6 10. Qa4+ c6 11. Nc3 0-0 12. Bf4 Bg4 13. Qb3 Qb6 14. Qxb6 axb6 1/2-1/2

[Event "IECG CB.2003.0.00094 email"]
[Site "IECG email"]
[Date "2003.09.21"]
[Round "?"]
[White "Marchant, Geoffrey"]
[Black "Van Bommel, Ton"]
[Result "1-0"]
[WhiteElo "1990"]
[BlackElo "1861"]
[PlyCount "83"]
[EventDate "2003.09.21"]
[EventType "tourn (corr)"]
[EventRounds "6"]
[SourceTitle "Corr 2008"]
[Source "ChessBase"]
[SourceDate "2008.06.24"]
[SourceVersion "1"]
[SourceVersionDate "2008.06.24"]
[SourceQuality "1"]

1. e4 e6 2. d4 d5 3. Nc3 dxe4 4. Nxe4 Bd7 5. Nf3 Bc6 6. Bd3 Nd7 7. 0-0 Ngf6 8. Ng3 Be7 9. Re1 Bxf3 10. Qxf3 c6 11. c3 Qb6 12. Be2 c5 13. Be3 Qxb2 14. Rab1 Qxa2 15. Rxb7 Rd8 16. Bb5 a6 17. Bxd7+ Nxd7 18. Qc6 Qc4 19. dxc5 Qd3 20. Bd4 Qd2 21. Ra1 e5 22. Nf5 exd4 23. cxd4 g6 24. Nd6+ Kf8 25. Rxd7 Rxd7 26. Qxd7 Bxd6 27. Qxd6+ Kg7 28. Qe5+ f6 29. Qe7+ Kh6 30. Qe3+ Qxe3 31. fxe3 Kg7 32. Rxa6 f5 33. d5 Rd8 34. d6 Kf7 35. Ra7+ Ke6 36. Rxh7 Ra8 37. Kf2 Ra2+ 38. Kf3 Rd2 39. d7 Rxd7 40. Rxd7 Kxd7 41. Kf4 Kc6 42. Kg5 1-0

[Event "IECG CB.2003.0.00094 email"]
[Site "IECG email"]
[Date "2003.09.21"]
[Round "?"]
[White "Ventimiglia, Charles"]
[Black "Marchant, Geoffrey"]
[Result "0-1"]
[WhiteElo "1973"]
[BlackElo "1990"]
[PlyCount "78"]
[EventDate "2003.09.21"]
[EventType "tourn (corr)"]
[EventRounds "6"]
[SourceTitle "Corr 2008"]
[Source "ChessBase"]
[SourceDate "2008.06.24"]
[SourceVersion "1"]
[SourceVersionDate "2008.06.24"]
[SourceQuality "1"]

1. e4 c6 2. d4 d5 3. Nd2 dxe4 4. Nxe4 Bf5 5. Ng3 Bg6 6. h4 h6 7. Nf3 Nf6 8. c3 Nbd7 9. Qb3 Qc7 10. h5 Bh7 11. Rh4 e6 12. Bf4 Qb6 13. Qxb6 axb6 14. Ne5 Be7 15. Nxd7 Kxd7 16. Bd2 b5 17. Rh3 Ra4 18. a3 Rha8 19. Rd1 Bd6 20. Rh4 Nd5 21. Be2 Re8 22. Rg4 Bf8 23. Bc1 Bc2 24. Rd2 f5 25. Rxc2 fxg4 26. Bxg4 Nf6 27. Bd1 Bd6 28. f4 b6 29. Bf3 Nd5 30. Rf2 Bxf4 31. Bxf4 Nxf4 32. Bxc6+ Kxc6 33. Rxf4 e5 34. Re4 Kd5 35. Re3 Raa8 36. Kd2 exd4 37. Rd3 Kc6 38. Rxd4 Rad8 39. Nf5 Rd5 0-1